Aplikácia prospektovej teórie na rozhodovanie v kontexte zdravia

Spôsob uplatnenia prospektovej teórie pri rozhodovaní jednotlivcov o svojom zdraví, ktoré ovplyvňuje ich rozhodovanie. Základné postuláty pôvodnej prospektovej teórie, priebeh edičnej fázy rozhodovania formou framing efektu a hodnotiacej fázy popisujúcej vlastnosti hodnotovej funkcie.

Saved in:
Bibliographic Details
Main Author: Vagašová, Tatiana
Format: Book Chapter
Language:Slovak
Subjects:
Tags: Add Tag
No Tags, Be the first to tag this record!

MARC

LEADER 00000nla a2200000 4500
001 0200289
005 20240417075057.4
041 0 |a slo 
044 |a SK 
245 1 0 |a Aplikácia prospektovej teórie na rozhodovanie v kontexte zdravia  |c Tatiana Vagašová 
520 |a Spôsob uplatnenia prospektovej teórie pri rozhodovaní jednotlivcov o svojom zdraví, ktoré ovplyvňuje ich rozhodovanie. Základné postuláty pôvodnej prospektovej teórie, priebeh edičnej fázy rozhodovania formou framing efektu a hodnotiacej fázy popisujúcej vlastnosti hodnotovej funkcie. 
610 2 0 |a funkcie úžitkové 
610 2 0 |a hodnota úžitková 
610 2 0 |a teória úžitku 
610 2 0 |a zákon hodnoty 
610 2 0 |a princíp ekonomický 
610 2 0 |a rozhodovanie 
610 2 0 |a zdravie 
100 1 |a Vagašová, Tatiana